Hymny 1. rímskeho breviára

Podrobná bibliografia
Ďalší autori: Makovický, Emil, 1884-1972 (Zostavovateľ, kompilátor), Silan, Janko, 1914-1984 (Prekladateľ)
Médium: Kniha
Jazyk:slovenčina
Fyzický popis:173, [6] s.
rôzne
Vydavateľské údaje: Trnava Spolok sv. Vojtecha 1943
Edícia:Svet
Predmet:

MARC

LEADER 00000cam a22000005a 4500
001 vtls010226939
003 SK-MaSNL
005 20260302011615.0
008 251029s1943 xo a 000 u slo
035 |a KURUKTSP031893 
040 |a SNK  |b slo  |c SNK  |e AACR2 
041 1 |a slo 
044 |a xr  |c CZ 
245 1 0 |a Hymny 1.  |b rímskeho breviára  |c úvod. štúdiu nap.Ján Jalovecký ; preložil Janko Silan ; upravil E. Makovický 
260 |a Trnava  |b Spolok sv. Vojtecha  |c 1943  |e Trnava  |f Kníhtlačiareň Spolku sv. Vojtecha 
300 |a 173, [6] s. 
300 |a rôzne 
490 1 |a Svet  |v sv. 1 
500 |a uložené pod číslom 698 
650 0 7 |a hymny  |2 SNK  |9 1628 
700 1 |a Makovický, Emil,  |d 1884-1972  |4 com  |9 102165 
700 1 |a Silan, Janko,  |d 1914-1984  |4 trl  |9 222852 
830 0 |a Svet  |9 281508 
852 |a Slovenská národná knižnica v Martine  |b 1000  |h SD 11025 
999 |c 1006749  |d 1008679 
952 |a SNK  |b SNK  |y VYP  |7 0  |p 17A1187696  |o snkSD 11025 D1  |3 rekatalogizácia  |0 0  |1 0  |4 0  |d 2017-05-20  |l 0  |r 2026-02-24 12:38:58  |w 2026-02-24